| 000 | 00422nam a2200181Ia 4500 | ||
|---|---|---|---|
| 003 | OSt | ||
| 005 | 20230608111011.0 | ||
| 008 | 210423s2003 xx 000 0 und d | ||
| 040 | _cAL | ||
| 041 | _aeng | ||
| 082 |
_a302.2 RAYC _223 |
||
| 100 |
_aRAYUDU (C S). _9122388 |
||
| 245 | _aCommunication. | ||
| 260 |
_bHimalaya Publishing House _c2003 |
||
| 365 |
_b290 _cINR |
||
| 906 | _aCommunication. | ||
| 942 |
_2ddc _cBK |
||
| 999 |
_c173948 _d173948 |
||